[Event "EU-ch Seniors 50 22nd"]
[Site "Acqui Terme"]
[Date "2023.06.03"]
[Round "9"]
[White "Roatta, Luca"]
[Black "Kirszenberg, Marc"]
[Result "0-1"]
[WhiteElo "2122"]
[BlackElo "1984"]
[PlyCount "86"]
[EventDate "2023.05.26"]
[EventType "swiss"]
[EventRounds "9"]
[EventCountry "ITA"]
[SourceTitle "CBM 214 Extra"]
[Source "ChessBase"]
[SourceDate "2023.07.31"]
[SourceVersion "1"]
[SourceVersionDate "2023.07.31"]
[SourceQuality "1"]

1. Nf3 d5 2. d4 Nf6 3. Bf4 c5 4. e3 Nc6 5. c3 Qb6 6. b3 Bf5 7. Bd3 Bxd3 8. Qxd3 e6 9. Nbd2 Be7 10. h3 0-0 11. 0-0 Rac8 12. Ne5 cxd4 13. exd4 Nxe5 14. dxe5 Nd7 15. c4 Nc5 16. Qg3 Rfd8 17. Rab1 dxc4 18. Nxc4 Qc6 19. Rbd1 Ne4 20. Qg4 Rxd1 21. Rxd1 Nc3 22. Rd3 Qe4 23. Re3 Qb1+ 24. Kh2 Nd5 25. Bh6 Qg6 26. Rg3 Qxh6 27. Nd6 Bxd6 28. exd6 Rd8 29. Qa4 a6 30. Rg4 Qf6 31. d7 Qe7 32. Qd4 f6 33. Rh4 Qxd7 34. Qg4 f5 35. Qh5 Nf6 36. Qg5 Qd2 37. f4 Rd4 38. a4 a5 39. Qg3 Ne4 40. Qf3 Qf2 41. Qh5 Qg3+ 42. Kg1 Nf6 43. Qe2 Re4 0-1

[Event "EU-ch Seniors 50 22nd"]
[Site "Acqui Terme"]
[Date "2023.05.29"]
[Round "4"]
[White "Kirszenberg, Marc"]
[Black "Wacker, Peter"]
[Result "1/2-1/2"]
[WhiteElo "1984"]
[BlackElo "2265"]
[PlyCount "72"]
[EventDate "2023.05.26"]
[EventType "swiss"]
[EventRounds "9"]
[EventCountry "ITA"]
[SourceTitle "CBM 214 Extra"]
[Source "ChessBase"]
[SourceDate "2023.07.31"]
[SourceVersion "1"]
[SourceVersionDate "2023.07.31"]
[SourceQuality "1"]

1. d4 d5 2. c4 e6 3. Nc3 Nf6 4. cxd5 exd5 5. Bg5 Bb4 6. Nf3 h6 7. Bxf6 Qxf6 8. Qa4+ Nc6 9. Ne5 0-0 10. Nxc6 Bxc3+ 11. bxc3 bxc6 12. g3 Re8 13. Bg2 a5 14. 0-0 Ba6 15. Bf3 Bxe2 16. Bxe2 Rxe2 17. Rae1 Rb2 18. Re3 Qd6 19. Rfe1 g6 20. h4 Qf6 21. Rf1 Qd6 22. Rfe1 Kg7 23. Re5 Rd2 24. R5e2 Rxe2 25. Rxe2 c5 26. dxc5 Qxc5 27. Qd7 Qxc3 28. Qxd5 c6 29. Qd6 Qc4 30. Qe5+ Kg8 31. h5 g5 32. Rb2 Qd3 33. Kg2 Rd8 34. Qxa5 Re8 35. Qd2 Qf5 36. Rb4 Qd5+ 1/2-1/2

[Event "EU-ch Seniors 50 21st"]
[Site "Lublin"]
[Date "2022.07.10"]
[Round "6"]
[White "Kirszenberg, Marc"]
[Black "Lilja, Richard"]
[Result "0-1"]
[WhiteElo "2056"]
[BlackElo "2131"]
[PlyCount "38"]
[EventDate "2022.07.05"]
[EventType "swiss"]
[EventRounds "9"]
[EventCountry "POL"]
[SourceTitle "CBM 209 Extra"]
[Source "ChessBase"]
[SourceDate "2022.09.30"]
[SourceVersion "1"]
[SourceVersionDate "2022.09.30"]
[SourceQuality "1"]

1. d4 b6 2. Nf3 Bb7 3. Bf4 e6 4. e3 f5 5. Be2 Nf6 6. h3 Bd6 7. Bxd6 cxd6 8. 0-0 0-0 9. Nbd2 Ne4 10. Nxe4 fxe4 11. Nd2 Qg5 12. Bc4 d5 13. Be2 Nc6 14. c3 Rf6 15. Kh1 Ne7 16. Qe1 Nf5 17. Bg4 Ba6 18. Rg1 Raf8 19. f4 Qxg4 0-1

[Event "EU-ch Seniors 50 21st"]
[Site "Lublin"]
[Date "2022.07.08"]
[Round "4"]
[White "Puroila, Sippo"]
[Black "Kirszenberg, Marc"]
[Result "1/2-1/2"]
[WhiteElo "1803"]
[BlackElo "2056"]
[PlyCount "106"]
[EventDate "2022.07.05"]
[EventType "swiss"]
[EventRounds "9"]
[EventCountry "POL"]
[SourceTitle "CBM 209 Extra"]
[Source "ChessBase"]
[SourceDate "2022.09.30"]
[SourceVersion "1"]
[SourceVersionDate "2022.09.30"]
[SourceQuality "1"]

1. Nf3 d5 2. d4 Nf6 3. g3 Bf5 4. Bg2 e6 5. 0-0 Be7 6. c4 c6 7. Nc3 h6 8. cxd5 exd5 9. a3 Nbd7 10. b4 0-0 11. Bb2 Ne4 12. Nd2 Ndf6 13. f3 Nxc3 14. Bxc3 Qd7 15. e4 Bh3 16. e5 Ne8 17. Qe2 Nc7 18. f4 Bxg2 19. Kxg2 f5 20. h4 Ne6 21. Nf3 h5 22. Qd3 g6 23. Rfc1 Qd8 24. Bd2 Qb6 25. Rab1 a6 26. Kh2 Qb5 27. Qe3 Qb6 28. Qd3 Qd8 29. Kg2 Qd7 30. Rc2 Rfc8 31. Be3 Rc7 32. Rcb2 Rcc8 33. Kh2 Qd8 34. Kg2 Kg7 35. Kh2 Qd7 36. Kg2 Qd8 37. Kh2 Qb6 38. Kg2 Qb5 39. Qd2 Qb6 40. Qd3 Qd8 41. Kh2 Nf8 42. Kh3 Qd7 43. Kh2 Qe6 44. Kg2 Nd7 45. Rc2 Nb6 46. Nd2 Qd7 47. Rbc1 Qd8 48. Bf2 Qd7 49. Be3 Qe6 50. Kh2 Qf7 51. Kg2 Qf8 52. Qb3 Qd8 53. Bf2 Qd7 1/2-1/2

[Event "EU-Cup 36th"]
[Site "Struga"]
[Date "2021.09.24"]
[Round "7.5"]
[White "Schwerteck, Michael"]
[Black "Kirszenberg, Marc"]
[Result "1-0"]
[WhiteElo "2113"]
[BlackElo "2139"]
[PlyCount "65"]
[EventDate "2021.09.18"]
[EventType "team-swiss"]
[EventRounds "7"]
[EventCountry "MKD"]
[SourceTitle "CBM 204 Extra"]
[Source "ChessBase"]
[SourceDate "2021.11.30"]
[SourceVersion "1"]
[SourceVersionDate "2021.11.30"]
[SourceQuality "1"]
[WhiteTeam "Bonnevoie Gambit"]
[BlackTeam "Asnieres"]
[WhiteTeamCountry "LUX"]
[BlackTeamCountry "FRA"]

1. e4 c6 2. d4 d5 3. exd5 cxd5 4. Nf3 Nf6 5. Ne5 g6 6. Bb5+ Nbd7 7. 0-0 Bg7 8. c3 0-0 9. Nf3 Ne4 10. Re1 Ndf6 11. h3 Bf5 12. Bf1 Qc7 13. Nbd2 Rad8 14. Nxe4 dxe4 15. Ne5 Nd5 16. Qb3 h6 17. Bc4 Be6 18. a4 a6 19. a5 Bxe5 20. dxe5 Qxe5 21. Bxh6 Rfe8 22. Be3 f5 23. Bd4 Qb8 24. Bb6 Rd7 25. Rad1 Qe5 26. f4 Qd6 27. Bxd5 Bxd5 28. c4 e6 29. cxd5 exd5 30. Be3 Red8 31. Rd2 Qe6 32. Red1 Kf7 33. Bb6 1-0

[Event "Titled Tuesday intern op 25th May"]
[Site "Chess.com INT"]
[Date "2021.05.25"]
[Round "4"]
[White "Gaboyan, Susanna"]
[Black "Kirszenberg, Marc"]
[Result "1-0"]
[WhiteElo "2215"]
[BlackElo "2130"]
[PlyCount "55"]
[EventDate "2021.05.25"]
[EventType "swiss (blitz)"]
[EventRounds "11"]
[EventCountry "USA"]
[SourceTitle "CBM 203 Extra"]
[Source "ChessBase"]
[SourceDate "2021.09.30"]
[SourceVersion "1"]
[SourceVersionDate "2021.09.30"]
[SourceQuality "1"]

1. e4 c6 2. d4 d5 3. exd5 cxd5 4. Bd3 Nf6 5. c3 Nc6 6. Bf4 Bg4 7. Qb3 e5 8. dxe5 Nh5 9. Bg3 Nxg3 10. hxg3 Nxe5 11. Bb5+ Nc6 12. Ne2 Bc5 13. Qa4 Bd7 14. Qc2 Qb6 15. Bxc6 bxc6 16. Rxh7 Bxf2+ 17. Kf1 0-0-0 18. Nd2 Bg4 19. Nf3 Rde8 20. Ned4 Bxg3 21. Rxg7 Rh1+ 22. Ng1 Bh2 23. Kf2 Bxg1+ 24. Rxg1 Re2+ 25. Qxe2 Bxe2 26. Rxh1 Qxb2 27. Nxe2 Qxc3 28. Nxc3 1-0

[Event "Titled Tuesday intern op 25th May"]
[Site "Chess.com INT"]
[Date "2021.05.25"]
[Round "2"]
[White "Kirszenberg, Marc"]
[Black "Rich, Albert J"]
[Result "0-1"]
[WhiteElo "2130"]
[BlackElo "2082"]
[PlyCount "120"]
[EventDate "2021.05.25"]
[EventType "swiss (blitz)"]
[EventRounds "11"]
[EventCountry "USA"]
[SourceTitle "CBM 203 Extra"]
[Source "ChessBase"]
[SourceDate "2021.09.30"]
[SourceVersion "1"]
[SourceVersionDate "2021.09.30"]
[SourceQuality "1"]

1. d4 d5 2. c4 e6 3. Nc3 c5 4. cxd5 exd5 5. Nf3 Nc6 6. dxc5 d4 7. Na4 Nf6 8. e3 Bxc5 9. Nxc5 Qa5+ 10. Bd2 Qxc5 11. Rc1 Qb6 12. exd4 Nxd4 13. Nxd4 Qxd4 14. Bb5+ Bd7 15. Bxd7+ Qxd7 16. 0-0 0-0 17. Qc2 Qe6 18. Bc3 Nd5 19. Rfe1 Qa6 20. Qb3 Nxc3 21. Rxc3 Rae8 22. Rce3 Rxe3 23. Rxe3 Rc8 24. h3 g6 25. a3 Rc1+ 26. Kh2 Qd6+ 27. g3 Qc6 28. Rf3 Qd7 29. Qe3 Rc2 30. Qxa7 Rxb2 31. Qb8+ Kg7 32. Qe5+ Kg8 33. Qxb2 Qc6 34. Qe5 Qxf3 35. Qe8+ Kg7 36. Qe5+ Kf8 37. Qb8+ Kg7 38. Qe5+ Qf6 39. Qc7 Qxf2+ 40. Kh1 b6 41. Qc3+ Kg8 42. h4 h5 43. Qb3 Qc5 44. Qd3 Kf8 45. Qb3 Ke7 46. Qd3 Qe5 47. Qb3 Qd4 48. Qb4+ Qxb4 49. axb4 Kd6 50. Kg2 Kd5 51. Kf3 Kc4 52. Ke4 Kxb4 53. Ke5 b5 54. Kf6 Kc5 55. Kxf7 b4 56. Kxg6 b3 57. Kxh5 b2 58. g4 b1Q 59. g5 Qe4 60. g6 Kd6 0-1

[Event "Titled Tuesday intern op 27th Apr"]
[Site "Chess.com INT"]
[Date "2021.04.27"]
[Round "5"]
[White "Hamley, Ryan"]
[Black "Kirszenberg, Marc"]
[Result "1-0"]
[WhiteElo "2039"]
[BlackElo "2130"]
[PlyCount "93"]
[EventDate "2021.04.27"]
[EventType "swiss (blitz)"]
[EventRounds "11"]
[EventCountry "USA"]
[SourceTitle "CBM 202 Extra"]
[Source "ChessBase"]
[SourceDate "2021.07.31"]
[SourceVersion "1"]
[SourceVersionDate "2021.07.31"]
[SourceQuality "1"]

1. d4 d5 2. c4 c6 3. Nf3 Nf6 4. Nc3 dxc4 5. a4 e6 6. e4 Bb4 7. Bd2 Bxc3 8. Bxc3 Nxe4 9. Bxc4 Nxc3 10. bxc3 0-0 11. 0-0 c5 12. Bd3 cxd4 13. cxd4 Nc6 14. h4 h6 15. Rb1 b6 16. Be4 Bb7 17. Qd3 Na5 18. Bh7+ Kh8 19. Ne5 Qd5 20. f3 Rad8 21. Rfd1 Qxe5 22. dxe5 Rxd3 23. Bxd3 Rc8 24. Rbc1 Rxc1 25. Rxc1 Kg8 26. Rc7 Kf8 27. Bb5 a6 28. Bd7 Bd5 29. Bc8 Bb3 30. Bxa6 Bxa4 31. Kf2 Nb3 32. Rb7 Nc5 33. Rxb6 Nxa6 34. Rxa6 Bb3 35. Ra7 g6 36. Ke3 Bc4 37. g4 Bb3 38. h5 g5 39. f4 gxf4+ 40. Kxf4 Bd1 41. g5 Bxh5 42. gxh6 Bg6 43. Kg5 Kg8 44. Kf6 Kh7 45. Rxf7+ Bxf7 46. Kxf7 Kxh6 47. Kxe6 1-0

[Event "Titled Tuesday intern op 27th Apr"]
[Site "Chess.com INT"]
[Date "2021.04.27"]
[Round "1"]
[White "Kanakaris, Georgios"]
[Black "Kirszenberg, Marc"]
[Result "1-0"]
[WhiteElo "2400"]
[BlackElo "2130"]
[PlyCount "59"]
[EventDate "2021.04.27"]
[EventType "swiss (blitz)"]
[EventRounds "11"]
[EventCountry "USA"]
[SourceTitle "CBM 202 Extra"]
[Source "ChessBase"]
[SourceDate "2021.07.31"]
[SourceVersion "1"]
[SourceVersionDate "2021.07.31"]
[SourceQuality "1"]

1. d4 d5 2. c4 c6 3. Nf3 Nf6 4. e3 g6 5. Nc3 Bg7 6. cxd5 cxd5 7. Bd3 0-0 8. 0-0 Nc6 9. h3 a6 10. a3 b5 11. Bd2 Bb7 12. Rc1 Rc8 13. Na2 Nd7 14. a4 e5 15. axb5 axb5 16. Bxb5 exd4 17. Bxc6 Bxc6 18. Nxd4 Bb7 19. Rxc8 Qxc8 20. Nc3 Bxd4 21. exd4 Nf6 22. Re1 Re8 23. Rxe8+ Nxe8 24. Qb3 Nd6 25. Nxd5 Bxd5 26. Qxd5 Qc2 27. Qxd6 Qxd2 28. Qb8+ Kg7 29. Qe5+ Kg8 30. d5 1-0

[Event "Titled Tuesday intern op 20th Apr"]
[Site "Chess.com INT"]
[Date "2021.04.20"]
[Round "1"]
[White "Spata, German"]
[Black "Kirszenberg, Marc"]
[Result "0-1"]
[WhiteElo "2257"]
[BlackElo "2130"]
[PlyCount "72"]
[EventDate "2021.04.20"]
[EventType "swiss (blitz)"]
[EventRounds "11"]
[EventCountry "USA"]
[SourceTitle "CBM 202 Extra"]
[Source "ChessBase"]
[SourceDate "2021.07.31"]
[SourceVersion "1"]
[SourceVersionDate "2021.07.31"]
[SourceQuality "1"]

1. Nf3 d5 2. e3 Nf6 3. c4 c6 4. Nc3 g6 5. d4 Bg7 6. Be2 0-0 7. 0-0 dxc4 8. Bxc4 Bg4 9. h3 Bxf3 10. Qxf3 Nbd7 11. Rd1 e5 12. dxe5 Nxe5 13. Qe2 Qe7 14. Bb3 Rad8 15. Bd2 Nd3 16. Rab1 Nc5 17. Bc2 Nce4 18. Be1 a6 19. Rxd8 Rxd8 20. Rd1 Rxd1 21. Qxd1 h5 22. a3 Nxc3 23. Bxc3 Nd5 24. Bxg7 Kxg7 25. Bb3 Qe5 26. Qd2 h4 27. Kf1 g5 28. Bxd5 cxd5 29. Ke2 Kf6 30. Qb4 Qe4 31. Qxe4 dxe4 32. Kd2 Ke5 33. Kc3 Kd5 34. Kb4 b6 35. b3 f5 36. g3 g4 0-1

[Event "Titled Tuesday intern op 13th Apr"]
[Site "Chess.com INT"]
[Date "2021.04.13"]
[Round "6"]
[White "Kirszenberg, Marc"]
[Black "Hartikainen, Jarmo"]
[Result "1-0"]
[WhiteElo "2130"]
[BlackElo "2142"]
[PlyCount "83"]
[EventDate "2021.04.13"]
[EventType "swiss (blitz)"]
[EventRounds "11"]
[EventCountry "USA"]
[SourceTitle "CBM 201 Extra"]
[Source "ChessBase"]
[SourceDate "2021.05.31"]
[SourceVersion "1"]
[SourceVersionDate "2021.05.31"]
[SourceQuality "1"]

1. d4 Nf6 2. c4 g6 3. Nc3 d5 4. Nf3 Bg7 5. Bg5 Ne4 6. Bf4 c6 7. e3 0-0 8. Rc1 Qa5 9. Be2 Nxc3 10. Rxc3 Bf5 11. a3 c5 12. cxd5 cxd4 13. Nxd4 Qxd5 14. Bf3 Be4 15. Bg3 e5 16. Nb3 Bxf3 17. gxf3 Qxd1+ 18. Kxd1 Nc6 19. e4 Rfd8+ 20. Ke2 Rac8 21. Rhc1 h5 22. R1c2 Kh7 23. h3 a5 24. Bh4 f6 25. Kf1 Ne7 26. Rxc8 Nxc8 27. Nxa5 Nd6 28. Rd2 g5 29. Bg3 h4 30. Bh2 Kg6 31. Nc4 Nf7 32. Rxd8 Nxd8 33. a4 Kf7 34. f4 gxf4 35. f3 Ke7 36. Bg1 Kd7 37. b4 Nc6 38. b5 Nd4 39. Bxd4 exd4 40. Ke2 Bf8 41. Kd3 Bc5 42. Nd2 1-0

[Event "Titled Tuesday intern op 13th Apr"]
[Site "Chess.com INT"]
[Date "2021.04.13"]
[Round "3"]
[White "Vivas Zamora, Fabian Ernesto"]
[Black "Kirszenberg, Marc"]
[Result "1-0"]
[WhiteElo "2344"]
[BlackElo "2130"]
[PlyCount "77"]
[EventDate "2021.04.13"]
[EventType "swiss (blitz)"]
[EventRounds "11"]
[EventCountry "USA"]
[SourceTitle "CBM 201 Extra"]
[Source "ChessBase"]
[SourceDate "2021.05.31"]
[SourceVersion "1"]
[SourceVersionDate "2021.05.31"]
[SourceQuality "1"]

1. c4 c6 2. Nf3 d5 3. g3 Nf6 4. Bg2 Bf5 5. cxd5 cxd5 6. Qb3 Nc6 7. Qxb7 Bd7 8. Qb3 e5 9. d3 Rb8 10. Qd1 Bc5 11. 0-0 0-0 12. Nc3 e4 13. dxe4 dxe4 14. Ng5 e3 15. Bxe3 Bxe3 16. fxe3 Rxb2 17. Qd6 Ng4 18. Nxf7 Rxf7 19. Rxf7 Nge5 20. Rxd7 Qxd7 21. Qxd7 Nxd7 22. Bxc6 Ne5 23. Bd5+ Kf8 24. Bb3 Ng4 25. Rf1+ Ke8 26. Rf3 g5 27. e4 Ne5 28. Rf5 Ng4 29. Kg2 Ne3+ 30. Kf3 Nxf5 31. exf5 Ke7 32. Nd5+ Kf8 33. f6 Rd2 34. Nc7 h5 35. Ne6+ Kf7 36. Nxg5+ Kxf6 37. Ne4+ Ke5 38. Nxd2 Kd4 39. e4 1-0

[Event "Titled Tuesday intern op 06th Apr"]
[Site "Chess.com INT"]
[Date "2021.04.06"]
[Round "10"]
[White "Von Herman, Brigitte"]
[Black "Kirszenberg, Marc"]
[Result "1-0"]
[WhiteElo "1991"]
[BlackElo "2130"]
[PlyCount "87"]
[EventDate "2021.04.06"]
[EventType "swiss (blitz)"]
[EventRounds "11"]
[EventCountry "USA"]
[SourceTitle "CBM 201 Extra"]
[Source "ChessBase"]
[SourceDate "2021.05.31"]
[SourceVersion "1"]
[SourceVersionDate "2021.05.31"]
[SourceQuality "1"]

1. e4 d5 2. exd5 Nf6 3. Nc3 Nxd5 4. d4 Nc6 5. Nf3 Bg4 6. Be3 e6 7. Bd3 Be7 8. 0-0 0-0 9. h3 Bh5 10. a3 a6 11. Re1 b5 12. Ne4 Bg6 13. Ng3 Bf6 14. c3 Nxe3 15. Rxe3 Ne7 16. Bxg6 hxg6 17. Ne5 Qd5 18. Qe1 Rfd8 19. Re2 c5 20. dxc5 Qxc5 21. Nf3 Nd5 22. Rd1 Nf4 23. Red2 Qc6 24. Ne4 Rxd2 25. Rxd2 Nd5 26. Qd1 a5 27. Nd4 Bxd4 28. Rxd4 Rc8 29. Qd2 f5 30. Ng3 b4 31. axb4 axb4 32. c4 Nf6 33. b3 e5 34. Rd6 Qc5 35. Nf1 Ne4 36. Qd5+ Qxd5 37. Rxd5 Ra8 38. Rb5 Ra1 39. Rd5 Nc3 40. Rd8+ Kh7 41. f3 Ne2+ 42. Kf2 Nf4 43. g3 Ne6 44. Rb8 1-0

[Event "Titled Tuesday intern op 30th Mar"]
[Site "Chess.com INT"]
[Date "2021.03.30"]
[Round "7"]
[White "Kirszenberg, Marc"]
[Black "Omariev, Maksim"]
[Result "1-0"]
[WhiteElo "2130"]
[BlackElo "2304"]
[PlyCount "39"]
[EventDate "2021.03.30"]
[EventType "swiss (blitz)"]
[EventRounds "11"]
[EventCountry "USA"]
[SourceTitle "CBM 201 Extra"]
[Source "ChessBase"]
[SourceDate "2021.05.31"]
[SourceVersion "1"]
[SourceVersionDate "2021.05.31"]
[SourceQuality "1"]

1. d4 Nf6 2. c4 g6 3. Nc3 Bg7 4. Nf3 d6 5. Bf4 0-0 6. h3 Nc6 7. e3 Re8 8. Be2 e5 9. dxe5 Nxe5 10. Nxe5 dxe5 11. Qxd8 Rxd8 12. Bxe5 c6 13. 0-0 Be6 14. Rfd1 Re8 15. Bd4 a6 16. f3 Rad8 17. Bb6 Rxd1+ 18. Rxd1 Bc8 19. Rd8 Nd7 20. Rxe8+ 1-0

[Event "Titled Tuesday intern op 30th Mar"]
[Site "Chess.com INT"]
[Date "2021.03.30"]
[Round "5"]
[White "Stojanovski, Sandi"]
[Black "Kirszenberg, Marc"]
[Result "1-0"]
[WhiteElo "2232"]
[BlackElo "2130"]
[PlyCount "117"]
[EventDate "2021.03.30"]
[EventType "swiss (blitz)"]
[EventRounds "11"]
[EventCountry "USA"]
[SourceTitle "CBM 201 Extra"]
[Source "ChessBase"]
[SourceDate "2021.05.31"]
[SourceVersion "1"]
[SourceVersionDate "2021.05.31"]
[SourceQuality "1"]

1. c4 c6 2. Nf3 d5 3. g3 Nf6 4. Bg2 Bf5 5. 0-0 e6 6. cxd5 exd5 7. Nc3 Be7 8. d3 0-0 9. Nh4 Bg4 10. h3 Bd7 11. e4 dxe4 12. dxe4 Qc8 13. e5 Ne8 14. Qh5 Bxh3 15. Ng6 hxg6 16. Qxh3 Qxh3 17. Bxh3 Nc7 18. Be3 Nba6 19. Ne4 Nb4 20. Rad1 Ncd5 21. Bc5 Rfd8 22. a3 Na6 23. Bxe7 Nxe7 24. Nd6 b6 25. b4 Nc7 26. Rc1 Ncd5 27. Bg2 f6 28. Rfd1 fxe5 29. Rxc6 Rd7 30. Bxd5+ Nxd5 31. Rxd5 Rad8 32. Rxe5 Rxd6 33. Rc7 R6d7 34. Re7 Rxc7 35. Rxc7 Ra8 36. Rb7 a5 37. b5 Rc8 38. Rxb6 Rc3 39. Rxg6 Rxa3 40. Ra6 a4 41. Kg2 Rb3 42. b6 a3 43. g4 a2 44. Rxa2 Rxb6 45. Kg3 Rb5 46. Ra6 Kf7 47. f4 Rb3+ 48. Kh4 Rb4 49. Kg5 Rb1 50. Ra7+ Kg8 51. f5 Rb6 52. Kh5 Rc6 53. g5 Rc1 54. Re7 Rc6 55. Re6 Rc7 56. Kg6 Rc8 57. Rd6 Rb8 58. f6 gxf6 59. gxf6 1-0

[Event "Titled Tuesday intern op 30th Mar"]
[Site "Chess.com INT"]
[Date "2021.03.30"]
[Round "1"]
[White "Tarigan, Gilbert Elroy"]
[Black "Kirszenberg, Marc"]
[Result "1-0"]
[WhiteElo "2149"]
[BlackElo "2130"]
[PlyCount "61"]
[EventDate "2021.03.30"]
[EventType "swiss (blitz)"]
[EventRounds "11"]
[EventCountry "USA"]
[SourceTitle "CBM 201 Extra"]
[Source "ChessBase"]
[SourceDate "2021.05.31"]
[SourceVersion "1"]
[SourceVersionDate "2021.05.31"]
[SourceQuality "1"]

1. e4 c6 2. Nc3 d5 3. Qe2 dxe4 4. Nxe4 Nf6 5. Nf3 Nxe4 6. Qxe4 Be6 7. Be2 Qd5 8. Qe3 g6 9. c4 Qd8 10. Ng5 Bf5 11. g4 Bc8 12. Qc3 f6 13. b3 Bg7 14. Bb2 0-0 15. h4 e5 16. Ne4 Na6 17. g5 f5 18. Nf6+ Bxf6 19. gxf6 Qxf6 20. f4 Nc5 21. fxe5 Qe7 22. e6 Bxe6 23. 0-0-0 Ne4 24. Qh8+ Kf7 25. Qxh7+ Ke8 26. Qxg6+ Bf7 27. Qg1 a5 28. d3 Nd6 29. Bf3 Kd7 30. Re1 Qd8 31. Be5 1-0

[Event "Titled Tuesday intern op 23rd Mar"]
[Site "Chess.com INT"]
[Date "2021.03.23"]
[Round "5"]
[White "Kirszenberg, Marc"]
[Black "Babiy, Olga"]
[Result "0-1"]
[WhiteElo "2130"]
[BlackElo "2300"]
[PlyCount "90"]
[EventDate "2021.03.23"]
[EventType "swiss (blitz)"]
[EventRounds "11"]
[EventCountry "USA"]
[SourceTitle "CBM 201 Extra"]
[Source "ChessBase"]
[SourceDate "2021.05.31"]
[SourceVersion "1"]
[SourceVersionDate "2021.05.31"]
[SourceQuality "1"]

1. d4 d6 2. Nf3 Bg4 3. c4 Nd7 4. Be3 e5 5. d5 f5 6. g3 Bxf3 7. exf3 Ngf6 8. Bd3 g6 9. Nc3 Bg7 10. 0-0 0-0 11. b4 Nh5 12. Bd2 a5 13. a3 axb4 14. axb4 Rxa1 15. Qxa1 e4 16. fxe4 Ne5 17. Be2 fxe4 18. Bxh5 gxh5 19. Qd1 Nf3+ 20. Kg2 Nxd2 21. Qxd2 Qf6 22. Nd1 Bh6 23. Qe2 Qf3+ 24. Qxf3 exf3+ 25. Kh3 Re8 26. Kh4 Re4+ 27. Kxh5 Bg7 28. Ne3 Bd4 29. Ng4 Kg7 30. Rd1 Bc3 31. Rd3 Bxb4 32. Rxf3 Rxc4 33. Nf6 Kf7 34. Nxh7+ Ke7 35. Ng5 Bd2 36. Ne6 c6 37. Rd3 Bc1 38. Ng5 c5 39. Nf3 b5 40. h4 b4 41. Ne1 Rd4 42. Rxd4 cxd4 43. Nd3 b3 44. g4 b2 45. g5 b1Q 0-1

[Event "Titled Tuesday intern op 23rd Mar"]
[Site "Chess.com INT"]
[Date "2021.03.23"]
[Round "3"]
[White "Kirszenberg, Marc"]
[Black "Ezat, Mohamed Mahmoud"]
[Result "0-1"]
[WhiteElo "2130"]
[BlackElo "2403"]
[PlyCount "72"]
[EventDate "2021.03.23"]
[EventType "swiss (blitz)"]
[EventRounds "11"]
[EventCountry "USA"]
[SourceTitle "CBM 201 Extra"]
[Source "ChessBase"]
[SourceDate "2021.05.31"]
[SourceVersion "1"]
[SourceVersionDate "2021.05.31"]
[SourceQuality "1"]

1. d4 Nf6 2. c4 g6 3. Nc3 Bg7 4. Nf3 d6 5. Bf4 0-0 6. h3 c5 7. d5 b5 8. cxb5 a6 9. bxa6 Qa5 10. Qd2 Bxa6 11. e4 Nbd7 12. Bd3 Rfb8 13. Rb1 Bxd3 14. Qxd3 Qa6 15. Qxa6 Rxa6 16. Kd2 c4 17. Be3 Ne8 18. Nd4 Nc7 19. Nc6 Re8 20. a4 e6 21. dxe6 Nxe6 22. Nb4 Raa8 23. Nbd5 Ndc5 24. f3 Nxa4 25. Nb5 Red8 26. Nbc7 Nxc7 27. Nxc7 Rab8 28. Na6 Rxb2+ 29. Rxb2 c3+ 30. Kc2 cxb2 31. Rb1 Ra8 32. Nb4 Rb8 33. Nd3 Rc8+ 34. Kd1 Nc3+ 35. Kc2 Nxb1+ 36. Kxb1 Rc3 0-1

[Event "Titled Tuesday intern op 02nd Mar"]
[Site "Chess.com INT"]
[Date "2021.03.02"]
[Round "11"]
[White "Kirszenberg, Marc"]
[Black "Correa, Jose Augusto"]
[Result "1-0"]
[WhiteElo "2130"]
[BlackElo "1883"]
[PlyCount "79"]
[EventDate "2021.03.02"]
[EventType "swiss (blitz)"]
[EventRounds "11"]
[EventCountry "USA"]
[SourceTitle "CBM 201 Extra"]
[Source "ChessBase"]
[SourceDate "2021.05.31"]
[SourceVersion "1"]
[SourceVersionDate "2021.05.31"]
[SourceQuality "1"]

1. d4 e6 2. c4 f5 3. Nc3 Nf6 4. Nf3 c6 5. Bf4 d5 6. e3 Bd6 7. Bxd6 Qxd6 8. Bd3 Nbd7 9. 0-0 0-0 10. Rc1 Ne4 11. Nd2 Rf6 12. f3 Rh6 13. f4 Qe7 14. Nf3 Ndf6 15. Ne5 Bd7 16. Bxe4 Nxe4 17. Nxe4 fxe4 18. g3 Be8 19. Qg4 Bh5 20. Qg5 Re8 21. a3 dxc4 22. Qxe7 Rxe7 23. Nxc4 Be2 24. Rf2 Bxc4 25. Rxc4 Rf6 26. Rc5 Rf5 27. Rfc2 Ref7 28. Re5 Rxe5 29. dxe5 Rd7 30. Kf2 Kf7 31. Ke2 Rd3 32. Rc4 Rb3 33. Rc2 Ke7 34. Kd2 Kd7 35. h4 b6 36. g4 c5 37. h5 Kc6 38. Ke2 a5 39. Rd2 Kb5 40. f5 1-0

[Event "Titled Tuesday intern op 23rd Feb"]
[Site "Chess.com INT"]
[Date "2021.02.23"]
[Round "3"]
[White "Kirszenberg, Marc"]
[Black "Matthiesen, Martin"]
[Result "0-1"]
[WhiteElo "2130"]
[BlackElo "2296"]
[PlyCount "50"]
[EventDate "2021.02.23"]
[EventType "swiss (blitz)"]
[EventRounds "11"]
[EventCountry "USA"]
[SourceTitle "CBM 200 Extra"]
[Source "ChessBase"]
[SourceDate "2021.03.31"]
[SourceVersion "1"]
[SourceVersionDate "2021.03.31"]
[SourceQuality "1"]

1. d4 Nf6 2. c4 e6 3. Nc3 Bb4 4. f3 c5 5. d5 0-0 6. e4 b5 7. Nge2 bxc4 8. Nf4 exd5 9. Nfxd5 Nxd5 10. Qxd5 Nc6 11. Bxc4 Bb7 12. Bg5 Qa5 13. Qd2 Ne5 14. Be2 f5 15. exf5 d5 16. 0-0 d4 17. Qf4 c4 18. Ne4 d3 19. Bd1 Rae8 20. f6 Bxe4 21. fxe4 g6 22. Bh6 Rf7 23. Bg4 Qb6+ 24. Kh1 Bd6 25. Bf5 Qxb2 0-1

[Event "Titled Tuesday intern op 23rd Feb"]
[Site "Chess.com INT"]
[Date "2021.02.23"]
[Round "4"]
[White "Petrova, Irina"]
[Black "Kirszenberg, Marc"]
[Result "1-0"]
[WhiteElo "2120"]
[BlackElo "2130"]
[PlyCount "57"]
[EventDate "2021.02.23"]
[EventType "swiss (blitz)"]
[EventRounds "11"]
[EventCountry "USA"]
[SourceTitle "CBM 200 Extra"]
[Source "ChessBase"]
[SourceDate "2021.03.31"]
[SourceVersion "1"]
[SourceVersionDate "2021.03.31"]
[SourceQuality "1"]

1. e4 c6 2. d4 d5 3. e5 Bf5 4. h4 h5 5. c4 e6 6. Nc3 dxc4 7. Bxc4 Nd7 8. Nge2 Nb6 9. Bb3 c5 10. Bg5 f6 11. exf6 gxf6 12. Be3 c4 13. Bc2 Bxc2 14. Qxc2 Qd7 15. d5 Nxd5 16. Nxd5 exd5 17. Rd1 Nh6 18. Nf4 Bb4+ 19. Kf1 Qf5 20. Qa4+ b5 21. Qxb5+ Kf7 22. Qxb4 Rab8 23. Qc5 Rxb2 24. Nxd5 Ng4 25. Qe7+ Kg6 26. Nf4+ Kh6 27. Nd3+ Kg6 28. Nxb2 Nxe3+ 29. Qxe3 1-0